000 00454nam a22001337a 4500
008 240220b |||||||| |||| 00| 0 eng d
020 _a9789587666816
082 _a595
_bB42b
100 _aMoure, Andrea
_etraductor
_911424
245 _aBichos increíbles :
_bconoce el misterioso mundo de estas maravillosas criaturas /
_cAndrea Moure
260 _aBogotá:
_bPanamericana,
_c2015
300 _a8 páginas:
_bIlustraciones a color,
_c21 cm.
942 _2ddc
999 _c30683
_d17067